|
|
|
|
| LEADER |
01081nam a2200277 a 4500 |
| 001 |
GR-MES2884 |
| 008 |
991111s1997 gr 000 0 gre d |
| 040 |
|
|
|a GrPaTEI
|b gre
|c GR-PaULI
|
| 245 |
0 |
0 |
|a Ανθοκηπευτικές καλλιέργειες
|n 1ος .
|p Κηπευτικές καλλιέργειες.
|
| 260 |
|
|
|a Αθήνα :
|b Ιδρυμα Ευγενίδου,
|c 1997
|
| 300 |
|
|
|a 182σελ. :
|b εικ.
|
| 650 |
|
4 |
|a Ασθένειες
|
| 650 |
|
4 |
|a Βολβοί
|
| 650 |
|
4 |
|a Καλλιέργεια
|
| 650 |
|
4 |
|a Λαχανικά
|
| 650 |
|
4 |
|a Λαχανοκομία
|
| 650 |
|
4 |
|a Οσπρια
|
| 650 |
|
4 |
|a Ριζοκονδυλοι
|
| 650 |
|
4 |
|a Ψυχανθή
|
| 700 |
1 |
|
|a Καλτσίκης, Π.
|
| 700 |
1 |
|
|a Σπάρτση, Ν.
|
| 710 |
0 |
|
|a Ιδρυμα Ευγενίδου
|
| 942 |
|
|
|2 ddc
|
| 952 |
|
|
|0 0
|1 0
|2 ddc
|4 0
|6 635_200000000000000_ΣΠΑ
|7 0
|9 267381
|a MSLG
|b MSLG
|c BSC
|d 2021-01-17
|e 24
|f 0
|g 0.00
|l 0
|o 635.2 ΣΠΑ
|p 2420000007247
|r 2021-01-17 00:00:00
|t 1
|w 2021-01-17
|y BK15
|x 19991111 0 1
|x GrPaTEI
|
| 971 |
|
|
|a .b25739293
|b 15-04-20
|c 13-09-16
|
| 999 |
|
|
|c 153914
|d 153914
|